| 000 | 01058naa a22003017a 4500 | ||
|---|---|---|---|
| 001 | BR9102806 | ||
| 003 | BR-BrBNA | ||
| 005 | 20240918180720.0 | ||
| 007 | ta | ||
| 008 | 230509b bl.||||| |||| 00| 0 por d | ||
| 040 |
_aBR-BrBNA _bpor _cBiblioteca Nacional de Agricultura |
||
| 041 | _a(Pt) | ||
| 072 |
_aH01; E70; A50 _b3871 _bG514 |
||
| 090 | _aH01 BR9102806 | ||
| 100 | 1 | _aAlves, A. (ed.) | |
| 111 | 1 |
_a3. Encontro Nacional de Fitossanitaristas _cFlorianopolis, SC (Brazil) _d5-9 Nov 1984 |
|
| 245 | 1 | _aPrograma nacional de pesquisa de defensivos agricolas | |
| 260 | 3 |
_aBrasilia, DF (Brasil): _c1984. |
|
| 500 | _aAnais do 3. Encontro Nacional de Fitossanitaristas Brasilia, DF (Brasil): 1984. p. 117-130 (BR9102806-AM)H01 | ||
| 650 | _aDEFENSIVO | ||
| 650 | _aPROGRAMA DE PESQUISA | ||
| 650 | _aMERCADO | ||
| 650 | _aPRODUCAO | ||
| 650 | _aCONSUMO | ||
| 773 | 0 |
_tAnais do 3. Encontro Nacional de Fitossanitaristas _wH01 BR9102806 _gBrasilia, DF (Brasil), 1984. p. 117-130 |
|
| 909 |
_a202404 _bLucia _c55 _dLucia Elande |
||
| 942 |
_cAM _2AGRIS |
||
| 999 |
_c321784 _d321784 |
||